000 00693nam a2200265Ia 4500
005 20260121165111.0
008 008 260114s9999 xx 000 0 eng d
020 _a9781137577535
037 _aEBOOK
040 _aCRL
040 _beng
040 _cCRL
041 _2eng
041 _aeng
084 _qCRL
100 _aH. Olsen, D. Scala
_91047516
245 4 _aThe Four Faces of the Republican Party and the Fight for the 2016 Presidential Nomination
260 _bSpringer
260 _bSpringer
260 _c2016
856 _uhttps://link.springer.com/openurl?genre=book&isbn=978-1-137-57753-5
942 _cEBOOK
999 _c1613241
_d1613241